| 000 | 00000nam##2200000za#4500 |
| 001 | 9.570427 |
| 003 | CaOODSP |
| 005 | 20220302142610 |
| 007 | cr ||||||||||| |
| 008 | 150406|2004||||xxc|||||o f|0| 0 eng|d |
| 040 | |aCaOODSP|beng |
| 043 | |an-cn--- |
| 086 | 1 |aIu182-2/2004E-PDF |
| 110 | 1 |aCanada. |bIndustry Canada. |bMicro-Economic Policy Analysis Branch. |
| 245 | 10|aRapporteurs' comments : |h[electronic resource]|bsummary of roundtables / |c[by] Dwayne Benjamin ... [et al.]. |
| 260 | |aOttawa - Ontario : |bIndustry Canada. |
| 300 | |a54p.|bgraphs, references, tables |
| 490 | 1 |aSkills Research Initiative - Working paper series|v2004 |
| 500 | |aPartial contents: Theme A. The labour market and skills implications of population aging in Canada : report from the roundtable on October 20, 2003 Ottawa, Ontario / Dwayne Benjamin -- Theme B. Employer-supported training summary report : report from the roundtable on October 03, 2003 Ottawa, Ontario / Arthur Sweetman -- Theme C. Adjustments in markets for skilled labour in Canada : report from the roundtable on March 22, 2004 Ottawa, Ontario / W. Craig Riddell -- Theme D. International mobility of skilled labour : analytical issues and research priorities : report from the roundtable on February 27, 2004 Ottawa, Ontario / Lorraine Eden. |
| 546 | |a(Préface en français.) |
| 590 | |a12-10-Supp|b2012-03-23 |
| 720 | 1 |aBenjamin, Dwayne |
| 830 | #0|aSkills Research Initiative working paper series ;|v2004|w(CaOODSP)9.506390 |
| 856 | 40|ahttp://publications.gc.ca|qPDF|s575 KB|uhttps://publications.gc.ca/collections/collection_2011/ic/Iu182-2-2004-eng.pdf|y2004 |